000 00792nam a2200241Ia 4500
999 _c55486
_d55486
001 22568
003 GE_BSU
005 20230330103646.0
008 181216s2009||||-ge|||||||||||||| ||ger||
020 _a9783191416997
040 _cGE_BSU
080 _a811.112.1 T-38
245 _aTestDaF Musterprufung 3 : TestDaF Test Deutsch als Fremdsprache Musterprufung 3 :
_bHerausgegeben vom testdaf-institut.
264 _aBodingen :
_bHueber Verlag,
_c2009.
300 _a80 p.;
_bill ;
_c29cm.
_e+1CD Musterprufung 3
541 _h54gel.
653 _aHerausgegeben vom testdaf-institut
653 _aTestDaF Test Deutsch als Fremdsprache
653 _aTestDaF Musterprufung 3
653 _aНемецкий язык
653 _aგერმანული ენა
942 _cBK
_2udc